00549cam a22002291 4500001001300000003000400013005001700017008004100034010001700075035002000092040001800112042001200130043001200142050001400154100001800168245003900186260001200225300002700237500001500264650002300279999001700302ne 63000422 DLC20260227111742.0890627s1962 xx a 000 0 ara  ane 63000422  a(OCoLC)23523226 aDLCcMiUdDLC apremarc af-ua---00aR135b.R51 aRiad, Naguib.13aal-Ṭibb al-Miṣrī al-qadīm. c[1962?] a159 p.billus.c20 cm. aRomanized. 0aMedicine, Egyptian c45628d45628